The Kerala budget manual (Record no. 500455)

000 -LEADER
fixed length control field 00331cam a22001097a 4500
008 - FIXED-LENGTH DATA ELEMENTS--GENERAL INFORMATION
fixed length control field 180718b1966 xxu||||| |||| 00| 0 eng d
082 ## - DEWEY DECIMAL CLASSIFICATION NUMBER
Classification number L1x5453 K45m
245 ## - TITLE STATEMENT
Title The Kerala budget manual
Statement of responsibility, etc. by Finance Department, Kerala
260 ## - PUBLICATION, DISTRIBUTION, ETC.
Place of publication, distribution, etc. Trivandrum
Name of publisher, distributor, etc. The Government Press
Date of publication, distribution, etc. 1966
300 ## - PHYSICAL DESCRIPTION
Extent 331+p.
700 ## - ADDED ENTRY--PERSONAL NAME
Personal name Kerala. Finance Department
Holdings
Withdrawn status Lost status Damaged status Not for loan Permanent Location Current Location Date acquired Full call number Barcode Date last seen Price effective from Koha item type
        Indian Institute of Public Administration Indian Institute of Public Administration 2018-08-04 L1x5453 K45m GG16352 2018-08-04 2018-08-04 GG

Powered by Koha